Giáo trình vật liệu hàn (Dùng cho sinh viên các trường đại học kỹ thuật)

Khái quát chung về vật liệu hàn. Ảnh hưởng của vật liệu hàn đến các tính chất của mối hàn và lớp kim loại đắp. Các quá trình hoá lí cơ bản xảy ra khi hàn nóng chảy và sự tham gia của vật liệu hàn. Vật liệu hàn chủ yếu trong hàn điện n...

全面介绍

Đã lưu trong:
书目详细资料
主要作者: Vũ, Huy Lân
格式: 图书
语言:Undetermined
出版: Hà Nội Bách khoa - Hà Nội 2011
主题:
标签: 添加标签
没有标签, 成为第一个标记此记录!
Thư viện lưu trữ: Trung tâm Học liệu Trường Đại học Cần Thơ
LEADER 01097nam a2200217Ia 4500
001 CTU_197103
008 210402s9999 xx 000 0 und d
020 |c 68500 
082 |a 671.5028 
082 |b L121 
100 |a Vũ, Huy Lân 
245 0 |a Giáo trình vật liệu hàn 
245 0 |b (Dùng cho sinh viên các trường đại học kỹ thuật) 
245 0 |c Vũ Huy Lân, Bùi Văn Hạnh 
260 |a Hà Nội 
260 |b Bách khoa - Hà Nội 
260 |c 2011 
520 |a Khái quát chung về vật liệu hàn. Ảnh hưởng của vật liệu hàn đến các tính chất của mối hàn và lớp kim loại đắp. Các quá trình hoá lí cơ bản xảy ra khi hàn nóng chảy và sự tham gia của vật liệu hàn. Vật liệu hàn chủ yếu trong hàn điện nóng chảy... 
650 |a Installation industrial equipment,Lắp đặt thiết bị công nghiệp 
904 |i Bằng 
980 |a Trung tâm Học liệu Trường Đại học Cần Thơ